| 000 | 00616nam a2200241Ia 4500 | ||
|---|---|---|---|
| 001 | 18454 | ||
| 003 | GE_BSU | ||
| 008 | 181216s||||||||xx |||||||||||||| ||und|| | ||
| 020 | _a9780273776666 | ||
| 040 | _cGE_BSU | ||
| 080 | _a331 | ||
| 100 | _aInnes,James | ||
| 245 | 4 | _aThe cover letter book | |
| 245 | _bYour definitive guide to writing the perfect cover letter | ||
| 250 | _aSecond edition | ||
| 260 | _aHarlow | ||
| 260 | _bPearson | ||
| 260 | _c2012 | ||
| 300 | _a246p. 24cm. | ||
| 653 | _aThe cover letter book | ||
| 653 | _aYour definitive guide to writing the perfect cover letter | ||
| 942 | _cBK | ||
| 999 |
_c51468 _d51468 |
||